00509nam a22001697a 450000500170000001000150001702000260003203500140005803700130007208200180008510000160010324500690011925000060018826000500019427000710024430000240031520240320144459.0 aENG-139792 a9789354424557c820.00 aEN-123324 bDBAD/PUB a331.20155221 aSavyasaachi aA Trust With Nature:bLabour, Self and Language/cBy Savyasaachi a1 aHyderabadbOrient Blackswan Private Ltdc2023 a3-6-752, Himayatnagar bHyderabade500029minfo@orintblackswan.com axx,203p.c22cm(pbk)